|
|
|
|
| LEADER |
02052nam a2200469 a 4500 |
| 001 |
nkc20051533207 |
| 003 |
CZ PrNK |
| 005 |
20060309143957.0 |
| 007 |
ta |
| 008 |
050503s2005 xr a e p 000 0 cze |
| 015 |
|
|
|a cnb001533207
|
| 020 |
|
|
|a 80-248-0831-5
|q (brož.)
|
| 035 |
|
|
|a (OCoLC)85153119
|
| 040 |
|
|
|a BOA001
|b cze
|d ABA001
|
| 072 |
|
7 |
|a 622
|x Hornictví
|2 Konspekt
|9 19
|
| 072 |
|
7 |
|a 37.016
|x Učební osnovy. Vyučovací předměty. Učebnice
|2 Konspekt
|9 22
|
| 080 |
|
|
|a 622.332
|2 MRF
|
| 080 |
|
|
|a 622.271
|2 MRF
|
| 080 |
|
|
|a (075.8)
|2 MRF
|
| 100 |
1 |
|
|a Kryl, Václav,
|d 1939-
|7 ola2002159180
|4 aut
|
| 245 |
1 |
0 |
|a Technologie lomového dobývání uhelných ložisek /
|c Václav Kryl, Jaroslav Jiskra a kol. ; na dalším zpracování se podílel kolektiv František Kastl ... [et al.]
|
| 250 |
|
|
|a 1. vyd.
|
| 260 |
|
|
|a Ostrava ;
|a Sokolov :
|b VŠB - Technická univerzita Ostrava,
|c 2005
|
| 300 |
|
|
|a 143 s. :
|b il. (převážně barev.) ;
|c 30 cm
|
| 500 |
|
|
|a Nad názvem: VŠB - Technická univerzita Ostrava, Hornicko-geologická fakulta, Institut hornického inženýrství a bezpečnosti
|
| 500 |
|
|
|a 200 výt.
|
| 504 |
|
|
|a Obsahuje bibliografii
|
| 650 |
0 |
7 |
|a těžba hnědého uhlí
|7 ph135071
|2 czenas
|
| 650 |
0 |
7 |
|a povrchové dobývání
|7 ph124448
|2 czenas
|
| 650 |
0 |
9 |
|a lignite mining
|2 eczenas
|
| 650 |
0 |
9 |
|a surface mining
|2 eczenas
|
| 655 |
|
7 |
|a učebnice vysokých škol
|7 fd133772
|2 czenas
|
| 655 |
|
9 |
|a textbooks (higher)
|2 eczenas
|
| 700 |
1 |
|
|a Jiskra, Jaroslav,
|d 1952-
|7 mzk2005294957
|4 aut
|
| 700 |
1 |
|
|a Kastl, František
|7 ola2006319242
|4 ctb
|
| 710 |
2 |
|
|a Vysoká škola báňská - Technická univerzita Ostrava.
|b Institut hornického inženýrství a bezpečnosti
|7 ko2005263888
|
| 856 |
4 |
1 |
|u http://www.digitalniknihovna.cz/mzk/uuid/uuid:2398bc10-1df6-11e4-8e0d-005056827e51
|y Digitalizovaný dokument
|x NDK
|
| 910 |
2 |
|
|a BOA001
|b 4-1156.132
|
| 990 |
|
|
|a BK
|
| 995 |
|
|
|a 01
|
| 991 |
|
|
|b 200509
|c NOV
|
| 996 |
6 |
|
|b 2610258834
|c 4-1156.132
|l MZK
|r Sklad / do 1 hodiny
|n 2
|p p.v.
|w 000786510
|u 000010
|a 1
|e BOA001
|j MZK50
|s P
|